000 00702nam a2200193 a 4500
090 _aIAVH
_b01374
041 _aspa
100 _aRivera Brusatin, Adriana
_920951
245 _aDesarrollo e implementación de actividades conducentes a la ordenación de zoocría en el país
_bfortalecimiento de la autoridad científica CITES de Colombia
260 _aBogotá
_bIAVH
_c2009
300 _a209 p.
650 _aZoocría
_992690
650 _aReproducción en cautiverio
_992691
650 _aComercio internacional
_94456
650 _aZoocriaderos
_916829
650 _aConservación de especies
_992692
700 _aRamírez Martínez, Natalia María
_992693
700 _aDiavanera Tovar, Andrés
_95302
999 _c7097
_d7097